| 000 | 00531nam a22002051a 4500 | ||
|---|---|---|---|
| 001 | 2234 | ||
| 003 | OSt | ||
| 005 | 20260204211805.0 | ||
| 008 | 040209s1999||||sp ||||||b||||||||||spa|| | ||
| 020 | _a8489163774 | ||
| 050 | _a863.4 Q31h | ||
| 082 | _a808.8381 Q31h | ||
| 100 | _aDe Quevedo, Francisco | ||
| 245 | _aHistoria de la vida de un buscón llamado Don Pablo / Francisco de Quevedo | ||
| 264 | _aEspaña : Jediciones | ||
| 300 | _a156 p. | ||
| 500 | _aIncluye indice | ||
| 650 | _aNovela EspañolaÌ | ||
| 942 |
_2ddc _cBK |
||
| 999 |
_c2234 _d2234 |
||